000 00856nam a2200265Ia 4500
003 OSt
005 20221005111203.0
006 a|||||r|||| 00| 0
007 ta
008 221004b |||||||| |||| 00| 0 hin d
020 _a8181430808 (hbk)
024 _a22960
037 _bGift, 03/11/2015,
_cTextual
040 _aCRL
_cCRL
_bhin
041 _2hin
_ahin
082 _aO142,1N11x, 152P4
100 _aमीलोष, चेस्लाव
245 0 _aखुला घर
246 _aKhulā ghara
260 _aनई दिल्ली
_bवाणी प्रकाशन भारत
_c2004
300 _a233पृ0
_ccm.
650 _aहिन्दी साहित्य
942 _hO142,1N11x, 152P4
_cTEXL
_2cc
999 _c1021090
_d1021090